Kevin Costner Movies Quiz Stats

 Plays Quiz Updated Jan 1, 2021

Support Sporcle.
Go Orange.
Score 0/52 Timer 08:00
2 Plays Today
Year Movie % Correct
1989Field of Dreams
82.9%
1995Waterworld
79.1%
1990Dances with Wolves
76.3%
1988Bull Durham
71.3%
1987The Untouchables
67.7%
1996Tin Cup
64.8%
1991JFK
51.8%
1997The Postman
51.6%
1999For Love of the Game
49.1%
1991Robin Hood: Prince of Thieves
44.5%
1992The Bodyguard
43.2%
2013Man of Steel
40.5%
2007Mr. Brooks
37.1%
2014Draft Day
37.1%
1994Wyatt Earp
33.5%
2008Swing Vote
31.8%
1987No Way Out
31.2%
2016Batman v Superman: Dawn of Justice
26%
2016Hidden Figures
25.8%
2006The Guardian
25.4%
1999Message in a Bottle
22.9%
1985Silverado
22.6%
1993A Perfect World
22.2%
20143 Days to Kill
22%
2003Open Range
21.2%
2005Rumor Has It...
20.6%
Year Movie % Correct
2000Thirteen Days
19.2%
2013Jack Ryan: Shadow Recruit
18.7%
2015McFarland, USA
17.8%
2019The Highwaymen
17.7%
2016Criminal
17.3%
2017Molly's Game
16.4%
20013000 Miles to Graceland
16.1%
1990Revenge
14.1%
2014Black or White
13.8%
2002Dragonfly
12.9%
2005The Upside of Anger
12.8%
2020Let Him Go
12.5%
1994The War
11.9%
1985Fandango
10.9%
2019The Art of Racing in the Rain
10.5%
1985American Flyers
10%
1982Night Shift
7.5%
2010The Company Men
6.5%
2009The New Daughter
5%
1981Malibu Hot Summer
4.9%
1984The Gunrunner
4.2%
1983Testament
3.9%
1983Table for Five
3.5%
1982Chasing Dreams
3.4%
1983Stacy's Knights
3.4%
1986Shadows Run Black
3.2%

From the Vault

Slogans Fill in the Blank II

by soxfan1

Note to advertisers: Slogans just don't have the same oomph when words are missing.
Remove Ads.
Support Sporcle.
Get the best of Sporcle when you Go Orange. This ad-free experience offers more features, more stats, and more fun while also helping to support Sporcle. Thank you for becoming a member.

Show Comments

Extras

Top Quizzes Today


Score Distribution

Your Account Isn't Verified!

In order to create a playlist on Sporcle, you need to verify the email address you used during registration. Go to your Sporcle Settings to finish the process.

Report this User

Report this user for behavior that violates our Community Guidelines.

Details: